It's friendly with two : Best friends together / (Record no. 50170)
| 000 -LEADER | |
|---|---|
| fixed length control field | 00612nam a2200157 4500 |
| 016 7# - NATIONAL BIBLIOGRAPHIC AGENCY CONTROL NUMBER | |
| Record control number | 019210315 |
| Source | Uk |
| 020 ## - INTERNATIONAL STANDARD BOOK NUMBER | |
| International Standard Book Number | 9781405293341 (hbk.) : |
| Terms of availability | £6.99 |
| 100 ## - MAIN ENTRY--PERSONAL NAME | |
| Personal name | Riordan, Jane, |
| Relator term | author. |
| 9 (RLIN) | 86026 |
| 245 00 - TITLE STATEMENT | |
| Title | It's friendly with two : Best friends together / |
| Remainder of title | written by Jane Riordan, designed by Pritty Ramjee. |
| 260 ## - PUBLICATION, DISTRIBUTION, ETC. (IMPRINT) | |
| Place of publication, distribution, etc | London: |
| Name of publisher, distributor, etc | Egmont UK; |
| Date of publication, distribution, etc | 2019. |
| 300 ## - PHYSICAL DESCRIPTION | |
| Extent | 12 unnumbered pages : |
| Other physical details | chiefly illustrations (colour) ; |
| Dimensions | 18 cm. |
| 490 ## - SERIES STATEMENT | |
| Series statement | Winnie-the-Pooh |
| 600 ## - SUBJECT ADDED ENTRY--PERSONAL NAME | |
| Personal name | Winnie-the-Pooh |
| Titles and other words associated with a name | (Fictitious character) |
| Form subdivision | Pictorial works |
| -- | Juvenile fiction. |
| 9 (RLIN) | 87206 |
| 650 ## - SUBJECT ADDED ENTRY--TOPICAL TERM | |
| 9 (RLIN) | 2857 |
| Topical term or geographic name as entry element | Friendship |
| 942 ## - ADDED ENTRY ELEMENTS (KOHA) | |
| Source of classification or shelving scheme | |
| Koha item type | Book |
| Withdrawn status | Lost status | Source of classification or shelving scheme | Damaged status | Not for loan | Home library | Current library | Date acquired | Total Checkouts | Full call number | Barcode | Date last seen | Price effective from | Koha item type |
|---|---|---|---|---|---|---|---|---|---|---|---|---|---|
| Logos International School | Logos International School | 02/09/2026 | BB RIO | 040849 | 02/09/2026 | 02/09/2026 | Board Book |